| 000 | 00471nam a22001817a 4500 | ||
|---|---|---|---|
| 003 | CEME | ||
| 005 | 20210628203058.0 | ||
| 008 | 210120b xxu||||| |||| 00| 0 eng d | ||
| 020 | _a81-7371-448-7 | ||
| 040 | _c. | ||
| 082 | _a511.64 ROB | ||
| 100 |
_aRobertson, Jack, Webb, William _963193 |
||
| 245 | _aCake-cutting algorithms, be far if you can | ||
| 260 |
_aINDIA _bUNIVERSITIES PRESS _c1998 |
||
| 300 | _a180P | ||
| 650 |
_aALGORITHMS _913771 |
||
| 942 |
_cBK _2ddc |
||
| 999 |
_c572092 _d572092 |
||